Development finance institutions : (Record no. 156251)

MARC details
000 -LEADER
fixed length control field 00863nam a2200277 a 4500
008 - FIXED-LENGTH DATA ELEMENTS--GENERAL INFORMATION
fixed length control field
020 ## - INTERNATIONAL STANDARD BOOK NUMBER
International Standard Book Number 0821349848 (pbk.)
049 ## - LOCAL HOLDINGS (OCLC)
Holding library MAIN
090 00 - LOCALLY ASSIGNED LC-TYPE CALL NUMBER (OCLC); LOCAL CALL NUMBER (RLIN)
Classification number (OCLC) (R) ; Classification number, CALL (RLIN) (NR) HG3726
Local cutter number (OCLC) ; Book number/undivided call number, CALL (RLIN) SCH
003 - CONTROL NUMBER IDENTIFIER
control field
005 - DATE AND TIME OF LATEST TRANSACTION
control field 20230123133900.0
040 ## - CATALOGING SOURCE
Transcribing agency NUST
100 1# - MAIN ENTRY--PERSONAL NAME
Personal name Schreiner, Mark.
245 10 - TITLE STATEMENT
Title Development finance institutions :
Remainder of title measuring their subsidy /
Statement of responsibility, etc. Mark Schreiner, Jacob Yaron.
260 ## - PUBLICATION, DISTRIBUTION, ETC.
Place of publication, distribution, etc. Washington, D.C. :
Name of publisher, distributor, etc. World Bank,
Date of publication, distribution, etc. 2001.
300 ## - PHYSICAL DESCRIPTION
Extent xii, 100 p. :
Other physical details ill. ;
Dimensions 23 cm.
440 ## - SERIES STATEMENT/ADDED ENTRY--TITLE
Title Directions in development.
504 ## - BIBLIOGRAPHY, ETC. NOTE
Bibliography, etc. note Includes bibliographical references.
650 #0 - SUBJECT ADDED ENTRY--TOPICAL TERM
Topical term or geographic name entry element Development credit corporations.
650 #0 - SUBJECT ADDED ENTRY--TOPICAL TERM
Topical term or geographic name entry element Development banks.
650 #0 - SUBJECT ADDED ENTRY--TOPICAL TERM
Topical term or geographic name entry element Subsidies.
650 #0 - SUBJECT ADDED ENTRY--TOPICAL TERM
Topical term or geographic name entry element Externalities (Economics).
700 1# - ADDED ENTRY--PERSONAL NAME
Personal name Yaron, Jacob.
907 ## - LOCAL DATA ELEMENT G, LDG (RLIN)
a .b10143968
b 23-04-12
c 16-12-04
942 ## - ADDED ENTRY ELEMENTS (KOHA)
Koha item type Ordinary Loan Books
Call number prefix HG3726
Call number suffix SCH
Holdings
Date last seen Total Checkouts Full call number Barcode Cost, replacement price Price effective from Koha item type Lost status Source of classification or shelving scheme Damaged status Not for loan Collection Withdrawn status Home library Current library Shelving location Date acquired Cost, normal purchase price
01/23/2023 12 HG3726 SCH 92003030017 80.00 01/23/2023 BOOKS   LCC     NFIC   MAIN MAIN GEN 01/23/2023 80.00